Jazyk a komunikácia príprava učiteľa cudzích jazykov v 21. storočí

Salvato in:
Dettagli Bibliografici
Enti autori: Jazyk a komunikácia. Medzinárodná konferencia, Univerzita Komenského v Bratislave. Pedagogická fakulta, LinGos - vzdelávacie centrum
Altri autori: Repka, Richard, Adamcová, Lívia
Natura: Libro
Lingua:slovacco
inglese
tedesco
Pubblicazione: Bratislava RETAAS 2005
Soggetti:
Tags: Aggiungi Tag
Nessun Tag, puoi essere il primo ad aggiungerne!!

MARC

LEADER 00000nlm$a2200000$$$4500
001 0063639
005 20251007130947.6
020 |a 80-89113-22-2 
041 0 |a slo 
041 0 |a eng 
041 0 |a ger 
044 |a SK 
245 1 0 |a Jazyk a komunikácia  |b príprava učiteľa cudzích jazykov v 21. storočí  |c zostavovatelia: Richard Repka, Lívia Adamcová 
264 1 |a Bratislava  |b RETAAS  |c 2005 
300 |a CD-ROM 
610 2 0 |a jazykoveda 
610 2 0 |a jazyky cudzie 
610 2 0 |a komunikácia 
610 2 0 |a vyučovanie 
610 2 0 |a učitelia 
700 1 |a Repka, Richard 
700 1 |a Adamcová, Lívia 
110 2 |a Jazyk a komunikácia. Medzinárodná konferencia 
710 2 |a Univerzita Komenského v Bratislave. Pedagogická fakulta 
710 2 |a LinGos - vzdelávacie centrum